<?xml version="1.0" encoding="UTF-8"?>
<record
    xmlns:xsi="http://www.w3.org/2001/XMLSchema-instance"
    xsi:schemaLocation="http://www.loc.gov/MARC21/slim http://www.loc.gov/standards/marcxml/schema/MARC21slim.xsd"
    xmlns="http://www.loc.gov/MARC21/slim">

  <leader>03503nam a2200541Ia 4500</leader>
  <controlfield tag="001">323</controlfield>
  <controlfield tag="008">241029s9999    xx            000 0 und d</controlfield>
  <datafield tag="010" ind1=" " ind2=" ">
    <subfield code="a">291</subfield>
  </datafield>
  <datafield tag="041" ind1=" " ind2=" ">
    <subfield code="a">Espa&#xF1;ol</subfield>
  </datafield>
  <datafield tag="082" ind1=" " ind2=" ">
    <subfield code="a">2013/Bunevs.O96</subfield>
  </datafield>
  <datafield tag="245" ind1=" " ind2="0">
    <subfield code="a">Normas Est&#xE1;ndares de Bioseguridad Aplicadas por el Personal de Enfermer&#xED;a para la Prevenci&#xF3;n de Infecciones Nosocomiales en el &#xC1;rea de Neonatolog&#xED;a del Hospital Regional Universitario Jos&#xE9; Mar&#xED;a Cabral y B&#xE1;ez, Santiago, Rep&#xFA;blica Dominicana, Per&#xED;odo Enero - Febrero 2013</subfield>
  </datafield>
  <datafield tag="260" ind1=" " ind2=" ">
    <subfield code="a">Santiago</subfield>
  </datafield>
  <datafield tag="300" ind1=" " ind2=" ">
    <subfield code="a">71</subfield>
  </datafield>
  <datafield tag="520" ind1=" " ind2=" ">
    <subfield code="a">36</subfield>
  </datafield>
  <datafield tag="630" ind1=" " ind2=" ">
    <subfield code="a">Actitudes</subfield>
  </datafield>
  <datafield tag="630" ind1=" " ind2=" ">
    <subfield code="a">Salud Escolar</subfield>
  </datafield>
  <datafield tag="650" ind1=" " ind2=" ">
    <subfield code="a">Gesti&#xF3;n Educativa</subfield>
  </datafield>
  <datafield tag="690" ind1=" " ind2=" ">
    <subfield code="a">Sintetizado</subfield>
  </datafield>
  <datafield tag="700" ind1=" " ind2=" ">
    <subfield code="e">asesor</subfield>
    <subfield code="a">Reyes, Rafael</subfield>
  </datafield>
  <datafield tag="700" ind1=" " ind2=" ">
    <subfield code="e">autor</subfield>
    <subfield code="a">Ozoria De La Cruz , Ant&#xED;a</subfield>
  </datafield>
  <datafield tag="700" ind1=" " ind2=" ">
    <subfield code="e">autor</subfield>
    <subfield code="a">Ramos Est&#xE9;vez , Francisca </subfield>
  </datafield>
  <datafield tag="901" ind1=" " ind2=" ">
    <subfield code="a">{"1":"Ozoria De La Cruz ","2":"Ramos Est&#xE9;vez "}</subfield>
    <subfield code="b">{"1":"Ant&#xED;a","2":"Francisca "}</subfield>
  </datafield>
  <datafield tag="902" ind1=" " ind2=" ">
    <subfield code="a">1</subfield>
  </datafield>
  <datafield tag="903" ind1=" " ind2=" ">
    <subfield code="a">{"1":"Reyes"}</subfield>
    <subfield code="b">{"1":"Rafael"}</subfield>
  </datafield>
  <datafield tag="904" ind1=" " ind2=" ">
    <subfield code="a">Mag&#xED;ster en</subfield>
  </datafield>
  <datafield tag="905" ind1=" " ind2=" ">
    <subfield code="a">Gesti&#xF3;n Educativa</subfield>
  </datafield>
  <datafield tag="906" ind1=" " ind2=" ">
    <subfield code="a">2</subfield>
  </datafield>
  <datafield tag="907" ind1=" " ind2=" ">
    <subfield code="a">NO APLICA</subfield>
  </datafield>
  <datafield tag="908" ind1=" " ind2=" ">
    <subfield code="a">NO APLICA</subfield>
  </datafield>
  <datafield tag="909" ind1=" " ind2=" ">
    <subfield code="a">Universidad Nacional Evang&#xE9;lica (UNEV), Recinto Santiago</subfield>
  </datafield>
  <datafield tag="910" ind1=" " ind2=" ">
    <subfield code="a">NULL</subfield>
    <subfield code="b">NULL</subfield>
  </datafield>
  <datafield tag="911" ind1=" " ind2=" ">
    <subfield code="a">["1"]</subfield>
  </datafield>
  <datafield tag="912" ind1=" " ind2=" ">
    <subfield code="a">NO APLICA</subfield>
  </datafield>
  <datafield tag="913" ind1=" " ind2=" ">
    <subfield code="a">NULL</subfield>
  </datafield>
  <datafield tag="914" ind1=" " ind2=" ">
    <subfield code="a">01 de Noviembre de 2013</subfield>
  </datafield>
  <datafield tag="915" ind1=" " ind2=" ">
    <subfield code="a">30/04/14 08:04</subfield>
  </datafield>
  <datafield tag="916" ind1=" " ind2=" ">
    <subfield code="a">NULL</subfield>
  </datafield>
  <datafield tag="917" ind1=" " ind2=" ">
    <subfield code="a">NULL</subfield>
  </datafield>
  <datafield tag="918" ind1=" " ind2=" ">
    <subfield code="a">NO APLICA</subfield>
  </datafield>
  <datafield tag="919" ind1=" " ind2=" ">
    <subfield code="a">["6","181"]</subfield>
  </datafield>
  <datafield tag="520" ind1=" " ind2=" ">
    <subfield code="a">En toda vivencia surgen diferentes conflictos, ya sea en los diferentes Hospitales, en el &#xE1;mbito en donde labora para valorar la aplicaci&#xF3;n de las normas est&#xE1;ndar de bioseguridad&#xA0; de neonatolog&#xED;a del Hospital Regional Universitario Jos&#xE9; Mar&#xED;a Cabral y B&#xE1;ez de Santiago. Para mejorar las normas de bioseguridad por el personal de enfermer&#xED;a de neonatolog&#xED;a implementamos los protocolos frente a &#xE1;reas de neonatolog&#xED;a y elaboraci&#xF3;n de planes de convivencia educativos. En realidad en todos los centros de salud del &#xE1;rea de neonatolog&#xED;a siempre han realizado normas est&#xE1;ndar de bioseguridad&#xA0; como es el lavado de las manos, uso de guantes, gorros, mascarillas, batas o cubre zapatos.&#xA0;El objetivo de esta investigaci&#xF3;n fue intentar ser una herramienta &#xFA;til que sirviera de punto de partida para dar respuesta a las diferentes problem&#xE1;ticas que se presentan en el&#xA0;&#xE1;rea de salud, posteriormente un modelo de resoluci&#xF3;n del &#xE1;rea que permite resolver cualquier eventualidad que se presente mediante la comunicaci&#xF3;n y llegar a encontrar la soluci&#xF3;n que favorezca al &#xE1;rea de neonatolog&#xED;a.&#xA0; Para valorar la aplicaci&#xF3;n de las normas est&#xE1;ndar de bioseguridad por el personal de enfermer&#xED;a del &#xE1;rea de neonatolog&#xED;a del Hospital Regional Universitario Jos&#xE9; Mar&#xED;a Cabral y B&#xE1;ez de Santiago, se realiz&#xF3; un estudio descriptivo de corte transversal y de fuente primaria, donde se observ&#xF3; el 50% del personal de enfermer&#xED;a en enero - febrero 2013. Se elabor&#xF3; un instrumento de 12 preguntas, se aplic&#xF3; a cada una de ellas por medio de la observaci&#xF3;n, en los tres (3) turnos de trabajos.&#xA0;Los resultados&#xA0;indicaron que no hubo aplicaci&#xF3;n de normas est&#xE1;ndar de bioseguridad excelente ni buenos. El 46.9% de estas normas fueron aplicadas deficientemente y el 21.9% malo. Estos hallazgos fueron consistentes con los presentados por varios investigadores durante el per&#xED;odo enero - febrero 2013.</subfield>
  </datafield>
  <datafield tag="921" ind1=" " ind2=" ">
    <subfield code="a">11</subfield>
  </datafield>
  <datafield tag="922" ind1=" " ind2=" ">
    <subfield code="a">11</subfield>
  </datafield>
  <datafield tag="923" ind1=" " ind2=" ">
    <subfield code="a">0</subfield>
  </datafield>
  <datafield tag="924" ind1=" " ind2=" ">
    <subfield code="a">NO APLICA</subfield>
  </datafield>
  <datafield tag="942" ind1=" " ind2=" ">
    <subfield code="c">Tesis</subfield>
  </datafield>
  <datafield tag="999" ind1=" " ind2=" ">
    <subfield code="c">291</subfield>
    <subfield code="d">291</subfield>
  </datafield>
</record>
